[Event "1CHC_F"]
[Site "?"]
[Date "2007.??.??"]
[Round "?"]
[White "Kohler, Josef"]
[Black "Portych, Vaclav"]
[Result "1/2-1/2"]
[WhiteElo "2176"]
[BlackElo "2147"]
[PlyCount "28"]
[EventDate "2007.??.??"]
[EventType "corr"]
[SourceDate "2007.01.09"]

1. c4 e5 2. Nc3 Nf6 3. Nf3 Nc6 4. g3 Bb4 5. Nd5 Bc5 6. Bg2 d6 7. O-O O-O 8. e3
a6 9. d4 Ba7 10. dxe5 Nxe5 11. Nxe5 dxe5 12. b4 c6 13. Nxf6+ Qxf6 14. Bb2 Bf5
1/2-1/2

[Event "1CHC_F"]
[Site "?"]
[Date "2007.??.??"]
[Round "?"]
[White "Splichal, Josef"]
[Black "Kratochvil, Vaclav"]
[Result "1-0"]
[WhiteElo "2168"]
[BlackElo "2216"]
[PlyCount "87"]
[EventDate "2007.??.??"]
[EventType "corr"]
[SourceDate "2007.01.09"]

1. e4 c5 2. Nf3 e6 3. d4 cxd4 4. Nxd4 Nc6 5. Nc3 Qc7 6. Be2 Nf6 7. Ndb5 Qb8 8.
f4 d6 9. O-O a6 10. Nd4 Be7 11. Be3 O-O 12. Qe1 e5 13. Nb3 b5 14. Qg3 Bd8 15.
a3 Re8 16. Kh1 Kh8 17. Rad1 b4 18. axb4 Qxb4 19. fxe5 Nxe5 20. Bd4 Qb8 21. Nd2
Be6 22. Nd5 Nxd5 23. Bxe5 dxe5 24. exd5 Bxd5 25. Nc4 Be6 26. Nd6 Rf8 27. Qxe5
Bc7 28. c4 a5 29. c5 a4 30. Rf3 Bxd6 31. cxd6 Bb3 32. Rd2 f6 33. Qd4 Ra7 34.
Re3 Rd8 35. Re7 Rad7 36. Rxd7 Rxd7 37. h3 Rd8 38. d7 Qc7 39. Bb5 Qc1+ 40. Kh2
Qc7+ 41. g3 Qa5 42. Qd3 Bf7 43. Re2 Qb4 44. Bc6 1-0

[Event "1CHC_F"]
[Site "?"]
[Date "2007.??.??"]
[Round "?"]
[White "Kratochvil, Vaclav"]
[Black "Kuchta, Jiri"]
[Result "1/2-1/2"]
[WhiteElo "2216"]
[BlackElo "2244"]
[PlyCount "57"]
[EventDate "2007.??.??"]
[EventType "corr"]
[SourceDate "2007.01.09"]

1. e4 e6 2. d4 d5 3. exd5 exd5 4. Bd3 Bd6 5. Nf3 Qe7+ 6. Qe2 Qxe2+ 7. Kxe2 Ne7
8. b3 Nbc6 9. c3 Ng6 10. Re1 O-O 11. h3 Re8+ 12. Kf1 Rxe1+ 13. Nxe1 Nf4 14.
Bxf4 Bxf4 15. Na3 Be6 16. Nf3 Re8 17. Re1 Ne7 18. c4 c6 19. Nb1 dxc4 20. bxc4
Rd8 21. Nc3 h6 22. Ne2 Bc7 23. d5 Bc8 24. Ned4 Kf8 25. dxc6 Nxc6 26. Bf5 Nxd4
27. Nxd4 Rxd4 28. Bxc8 Rxc4 29. Bxb7 1/2-1/2

[Event "1CHC_F"]
[Site "?"]
[Date "2007.??.??"]
[Round "?"]
[White "Splichal, Josef"]
[Black "Kuchta, Jiri"]
[Result "1-0"]
[WhiteElo "2168"]
[BlackElo "2244"]
[PlyCount "73"]
[EventDate "2007.??.??"]
[EventType "corr"]
[SourceDate "2007.01.09"]

1. e4 e6 2. d4 d5 3. Nc3 Nf6 4. e5 Nfd7 5. f4 c5 6. Nf3 Nc6 7. Be3 a6 8. Be2
Qb6 9. a3 cxd4 10. Nxd4 Bc5 11. Na4 Qa5+ 12. c3 Bxd4 13. Bxd4 Nxd4 14. Qxd4 Qc7
15. b4 O-O 16. O-O b5 17. Nb2 Bb7 18. a4 Bc6 19. a5 Bb7 20. Bg4 Rac8 21. Rac1
Rfe8 22. Rf3 f6 23. Re1 f5 24. Bh5 Rf8 25. Rg3 Nb8 26. Nd3 Qe7 27. Nc5 Nc6 28.
Qd2 Nxa5 29. Nxe6 Qxe6 30. bxa5 Qe7 31. e6 Rc4 32. Bf7+ Kh8 33. Qd1 Rfc8 34.
Qh5 Rxf4 35. Ree3 Rcc4 36. h3 b4 37. Rxg7 1-0

[Event "1CHC_F"]
[Site "?"]
[Date "2007.??.??"]
[Round "?"]
[White "Juhasz, Jozef"]
[Black "Kratochvil, Vaclav"]
[Result "1/2-1/2"]
[WhiteElo "2216"]
[BlackElo "2216"]
[PlyCount "116"]
[EventDate "2007.??.??"]
[EventType "corr"]
[SourceDate "2007.01.09"]

1. e4 c5 2. Nf3 e6 3. Nc3 d6 4. d4 cxd4 5. Nxd4 Nf6 6. Be3 a6 7. f3 b5 8. a3
Bb7 9. Bd3 Nbd7 10. O-O d5 11. exd5 Nxd5 12. Nxd5 Bxd5 13. a4 b4 14. Qe2 Bc5
15. c4 Bb7 16. Nb3 Bxe3+ 17. Qxe3 O-O 18. a5 Rc8 19. Rfd1 Qc7 20. Bf1 Bc6 21.
Rd4 Rb8 22. Rg4 Rfd8 23. Qg5 Qe5 24. Qxe5 Nxe5 25. Rd4 Rxd4 26. Nxd4 Bb7 27. c5
Rd8 28. Nc2 Nc6 29. Ra4 b3 30. Na1 Rd2 31. Nxb3 Rxb2 32. Nd4 Kf8 33. Nxc6 Bxc6
34. Ra1 Bb5 35. Rc1 Ke8 36. c6 Kd8 37. Bxb5 Rxb5 38. Rd1+ Rd5 39. Rb1 Rxa5 40.
Rb7 Rf5 41. Kf2 h5 42. h4 a5 43. Ra7 g6 44. Ke3 f6 45. g4 Rc5 46. Rd7+ Kc8 47.
Ra7 Rc4 48. gxh5 gxh5 49. Rxa5 Rxh4 50. Ra8+ Kc7 51. Rf8 f5 52. Re8 Kxc6 53.
Rxe6+ Kd5 54. Rf6 Ke5 55. Ra6 Rh3 56. Ra5+ Kf6 57. Kf4 Rh4+ 58. Kg3 Rc4 1/2-1/2

[Event "1CHC_F"]
[Site "?"]
[Date "2007.??.??"]
[Round "?"]
[White "Strnad, Jiri"]
[Black "Kuchta, Jiri"]
[Result "1-0"]
[WhiteElo "2258"]
[BlackElo "2244"]
[PlyCount "45"]
[EventDate "2007.??.??"]
[EventType "corr"]
[SourceDate "2007.01.09"]

1. Nf3 d5 2. d4 Nf6 3. c4 c6 4. Nc3 dxc4 5. a4 Bf5 6. e3 e6 7. Bxc4 Nbd7 8. O-O
Bb4 9. Qb3 Qb6 10. Nh4 Bg6 11. Nxg6 hxg6 12. h3 Rd8 13. Rd1 a6 14. Qc2 c5 15.
Na2 cxd4 16. Nxb4 Qxb4 17. Rxd4 Rc8 18. Qe2 Qa5 19. b4 Qh5 20. Ba3 g5 21. f3 e5
22. b5 a5 23. b6 1-0

[Event "1CHC_F"]
[Site "?"]
[Date "2007.??.??"]
[Round "?"]
[White "Dedina, Miroslav"]
[Black "Kohler, Josef"]
[Result "1-0"]
[WhiteElo "2165"]
[BlackElo "2176"]
[PlyCount "65"]
[EventDate "2007.??.??"]
[EventType "corr"]
[SourceDate "2007.01.09"]

1. e4 c5 2. Nf3 d6 3. d4 cxd4 4. Nxd4 Nf6 5. Nc3 a6 6. Be3 e5 7. Nb3 Be7 8. Be2
d5 9. Nxd5 Nxd5 10. exd5 Nd7 11. d6 Bg5 12. Qd2 Bxe3 13. Qxe3 O-O 14. O-O-O a5
15. Rhe1 a4 16. Nd2 Re8 17. Bb5 Ra5 18. c4 Re6 19. Ne4 b6 20. Ng5 Rf6 21. Qe4
Rg6 22. f4 h6 23. Nf3 Re6 24. fxe5 Ba6 25. Bxa6 Rxa6 26. Rd5 Nc5 27. Qf5 Qe8
28. Nd4 Ra8 29. Qh3 Rg6 30. d7 Qf8 31. Rd6 Qe7 32. Nc6 Nxd7 33. Nxe7+ 1-0

[Event "1CHC_F"]
[Site "?"]
[Date "2007.??.??"]
[Round "?"]
[White "Pirhala, Ladislav"]
[Black "Splichal, Josef"]
[Result "1/2-1/2"]
[WhiteElo "2120"]
[BlackElo "2168"]
[PlyCount "90"]
[EventDate "2007.??.??"]
[EventType "corr"]
[SourceDate "2007.01.09"]

1. e4 Nf6 2. e5 Nd5 3. d4 d6 4. Nf3 g6 5. Bc4 Nb6 6. Bb3 Bg7 7. a4 a5 8. O-O
O-O 9. h3 Nc6 10. exd6 exd6 11. Nc3 d5 12. Nb5 Bf5 13. c3 Na7 14. Nxa7 Rxa7 15.
Re1 Re8 16. Rxe8+ Qxe8 17. Bf4 c6 18. Qd2 Qf8 19. Re1 Ra8 20. Bc7 Bh6 21. Bf4
Bg7 22. Qe3 Rc8 23. Qe2 Bd7 24. Qd3 Bf5 25. Qe3 Bd7 26. Qc1 Bf5 27. Qd1 Qd8 28.
Qe2 Nd7 29. g4 Be6 30. Bc2 c5 31. Ng5 Rc6 32. dxc5 Nxc5 33. Rd1 b6 34. Be3 Qe7
35. Nxe6 fxe6 36. c4 Qd7 37. cxd5 exd5 38. Bb1 Kh8 39. Ba2 Rc8 40. Qb5 Qxb5 41.
axb5 Rd8 42. Bg5 Rd7 43. Rxd5 Bxb2 44. Bd8 Rxd5 45. Bxd5 Nd7 1/2-1/2

[Event "1CHC_F"]
[Site "?"]
[Date "2007.??.??"]
[Round "?"]
[White "Dedina, Miroslav"]
[Black "Juhasz, Jozef"]
[Result "1-0"]
[WhiteElo "2165"]
[BlackElo "2216"]
[PlyCount "69"]
[EventDate "2007.??.??"]
[EventType "corr"]
[SourceDate "2007.01.09"]

1. e4 e5 2. Nf3 Nc6 3. Bc4 Bc5 4. b4 Bxb4 5. c3 Ba5 6. d4 exd4 7. O-O dxc3 8.
Qb3 Qf6 9. e5 Qg6 10. Nxc3 Nge7 11. Ba3 O-O 12. Rad1 Bxc3 13. Qxc3 Re8 14. Rfe1
h6 15. h3 b5 16. Bxb5 Rb8 17. Bd3 Qe6 18. Bc4 Qg6 19. g3 Nf5 20. Bd3 Qe6 21. g4
Nfe7 22. Bc4 Qg6 23. Nh4 Qg5 24. Bxf7+ Kxf7 25. Qc4+ Nd5 26. Rxd5 Re6 27. Ng2
Qd8 28. f4 Kg8 29. f5 Nxe5 30. Rdxe5 Ba6 31. Qc2 Rxe5 32. Rxe5 Qf6 33. Re7 d5
34. Nf4 Qd4+ 35. Qf2 1-0

[Event "1CHC_F"]
[Site "?"]
[Date "2007.??.??"]
[Round "?"]
[White "Kohler, Josef"]
[Black "Pirhala, Ladislav"]
[Result "1/2-1/2"]
[WhiteElo "2176"]
[BlackElo "2120"]
[PlyCount "109"]
[EventDate "2007.??.??"]
[EventType "corr"]
[SourceDate "2007.01.09"]

1. c4 Nf6 2. Nf3 g6 3. d4 Bg7 4. Nc3 O-O 5. e4 d6 6. Be2 e5 7. O-O Nc6 8. d5
Ne7 9. Nd2 a5 10. a3 Nd7 11. Rb1 f5 12. b4 axb4 13. axb4 Kh8 14. Qc2 h6 15. Bb2
Nf6 16. Ra1 Rxa1 17. Rxa1 c6 18. Ra8 fxe4 19. dxc6 Nxc6 20. Ncxe4 Nxb4 21. Qb3
Nc6 22. Ba3 Nd4 23. Qd3 Nxe2+ 24. Qxe2 Nxe4 25. Nxe4 Bg4 26. Rxd8 Bxe2 27.
Rxf8+ Bxf8 28. Bxd6 Bxd6 29. Nxd6 Kg7 30. c5 Ba6 31. f3 Kf6 32. Ne4+ Ke7 33.
Kf2 Kd7 34. Ke3 Kc6 35. g3 Bc4 36. f4 exf4+ 37. Kd4 fxg3 38. hxg3 Be6 39. Nf6
Kb5 40. Ne4 g5 41. Nf6 Kc6 42. Ke5 Bf7 43. Kd4 Kc7 44. Ne4 Bg6 45. Nd2 Bh5 46.
Nc4 Be2 47. Ne5 h5 48. Ke3 Bd1 49. Kd3 h4 50. gxh4 gxh4 51. Ke3 h3 52. Kf2 Ba4
53. Kg3 Bd7 54. Kh2 Bc8 55. Kg3 1/2-1/2

[Event "1CHC_F"]
[Site "?"]
[Date "2007.??.??"]
[Round "?"]
[White "Juhasz, Jozef"]
[Black "Splichal, Josef"]
[Result "1/2-1/2"]
[WhiteElo "2216"]
[BlackElo "2168"]
[PlyCount "76"]
[EventDate "2007.??.??"]
[EventType "corr"]
[SourceDate "2007.01.09"]

1. e4 e5 2. Nf3 Nc6 3. Bb5 a6 4. Ba4 Nf6 5. O-O Be7 6. Re1 b5 7. Bb3 d6 8. c3
O-O 9. d4 Bg4 10. Bc2 exd4 11. cxd4 Nb4 12. d5 Bxf3 13. gxf3 Nxc2 14. Qxc2 Nd7
15. Nc3 Qe8 16. Ne2 f5 17. Nd4 Bh4 18. Be3 Qh5 19. exf5 Ne5 20. Qe4 Rae8 21.
Kh1 Bf6 22. Rg1 Nc4 23. Ne6 Bxb2 24. Rg5 Qxg5 25. Bxg5 Bxa1 26. Qb1 Bf6 27.
Nxf8 Kxf8 28. Bxf6 gxf6 29. f4 Re7 30. Qd3 Nb6 31. h4 Kf7 32. Kg2 Na4 33. h5
Re8 34. Kf1 Nc5 35. Qc3 h6 36. Qa5 Re7 37. Qd2 Re8 38. Qc3 Rb8 1/2-1/2

[Event "1CHC_F"]
[Site "?"]
[Date "2007.??.??"]
[Round "?"]
[White "Pirhala, Ladislav"]
[Black "Kratochvil, Vaclav"]
[Result "1-0"]
[WhiteElo "2120"]
[BlackElo "2244"]
[PlyCount "95"]
[EventDate "2007.??.??"]
[EventType "corr"]
[SourceDate "2007.01.09"]

1. e4 c5 2. Nf3 e6 3. d4 cxd4 4. Nxd4 Nc6 5. Nb5 d6 6. Bf4 e5 7. Be3 a6 8. N5c3
Nf6 9. Be2 Be7 10. O-O O-O 11. f3 Qc7 12. Nd2 Be6 13. Nb3 b5 14. a4 Nb4 15.
axb5 axb5 16. Bf2 Rxa1 17. Nxa1 d5 18. Nxb5 Qb7 19. c3 Nc6 20. exd5 Nxd5 21. g3
Rd8 22. Qc2 Bg5 23. Rd1 Be3 24. Bxe3 Nxe3 25. Rxd8+ Nxd8 26. Qd2 Qb6 27. Qd6
Nc6 28. Qc7 Qa6 29. Nb3 Qa8 30. Kf2 Bxb3 31. Kxe3 Kf8 32. Kf2 Be6 33. Qd6+ Kg8
34. b4 h6 35. Qc5 Qb7 36. Nd6 Qa7 37. Qxa7 Nxa7 38. b5 Kf8 39. c4 Ke7 40. c5
Kd7 41. f4 Nc6 42. Ke3 exf4+ 43. gxf4 Ne7 44. Kd4 f6 45. Bf3 Bh3 46. b6 Bf1 47.
b7 Kc7 48. Ne8+ 1-0

[Event "1CHC_F"]
[Site "?"]
[Date "2007.??.??"]
[Round "?"]
[White "Kuchta, Jiri"]
[Black "Dedina, Miroslav"]
[Result "1/2-1/2"]
[WhiteElo "2244"]
[BlackElo "2165"]
[PlyCount "37"]
[EventDate "2007.??.??"]
[EventType "corr"]
[SourceDate "2007.01.09"]

1. d4 d5 2. Nf3 Nf6 3. c4 e6 4. Nc3 c6 5. e3 Nbd7 6. Qc2 Bd6 7. cxd5 exd5 8.
Bd3 O-O 9. O-O Nb6 10. h3 Re8 11. Re1 h6 12. Bd2 Be6 13. b3 Qd7 14. Ne5 Qc7 15.
Nf3 Rad8 16. Rec1 Qe7 17. a4 a5 18. Re1 Nbd7 19. Re2 1/2-1/2

[Event "1CHC_F"]
[Site "?"]
[Date "2007.??.??"]
[Round "?"]
[White "Kratochvil, Vaclav"]
[Black "Dedina, Miroslav"]
[Result "1/2-1/2"]
[WhiteElo "2216"]
[BlackElo "2165"]
[PlyCount "72"]
[EventDate "2007.??.??"]
[EventType "corr"]
[SourceDate "2007.01.09"]

1. e4 c5 2. Nf3 d6 3. d4 cxd4 4. Nxd4 Nf6 5. Nc3 Nc6 6. Bg5 e6 7. Qd2 a6 8.
O-O-O h6 9. Be3 Bd7 10. f3 b5 11. Nxc6 Bxc6 12. Qf2 Qc7 13. Bd3 Nd7 14. Rhe1
Be7 15. Kb1 b4 16. Ne2 Ne5 17. Nd4 Bd7 18. f4 Nxd3 19. Rxd3 Rc8 20. Nb3 O-O 21.
Bb6 Qb7 22. Bd4 Rfe8 23. Rg3 Bf8 24. e5 dxe5 25. fxe5 Ba4 26. Be3 Kh7 27. Nc5
Bxc5 28. Bxc5 Qc7 29. Bxb4 Bxc2+ 30. Ka1 Be4 31. Bc3 Red8 32. Rg4 Bg6 33. Rd4
Rxd4 34. Qxd4 Rd8 35. Qg1 Rd3 36. Rc1 Qc4 1/2-1/2

[Event "1CHC_F"]
[Site "?"]
[Date "2007.??.??"]
[Round "?"]
[White "Juhasz, Jozef"]
[Black "Pirhala, Ladislav"]
[Result "1/2-1/2"]
[WhiteElo "2216"]
[BlackElo "2120"]
[PlyCount "97"]
[EventDate "2007.??.??"]
[EventType "corr"]
[SourceDate "2007.01.09"]

1. e4 c5 2. c3 d5 3. exd5 Qxd5 4. d4 Nf6 5. Nf3 e6 6. Be2 Nc6 7. O-O cxd4 8.
cxd4 Be7 9. Nc3 Qa5 10. Qb3 Qb4 11. Qxb4 Nxb4 12. a3 Nc6 13. Rd1 O-O 14. Ne5
Rd8 15. Nxc6 bxc6 16. Bf4 a5 17. Rac1 Re8 18. Bf3 Nd5 19. Be5 Ra7 20. Na4 Ba6
21. Nc5 Bxc5 22. Rxc5 Bb5 23. Re1 f6 24. Bg3 Kf7 25. Be4 a4 26. f3 h6 27. h4 g6
28. Bf2 Rb7 29. g3 g5 30. h5 Rd8 31. Bg6+ Ke7 32. Bc2 Kd6 33. Kg2 Rg8 34. Be4
Ba6 35. Rec1 Rc8 36. Ra5 Be2 37. Bxd5 exd5 38. g4 Rxb2 39. Ra7 Bb5 40. Kg1 Ke6
41. Be1 Rf8 42. Bb4 Rf7 43. Ra8 Kd7 44. Re1 Re2 45. Rxe2 Bxe2 46. Kf2 Bd1 47.
Rf8 Rxf8 48. Bxf8 Ke6 49. Bxh6 1/2-1/2

[Event "1CHC_F"]
[Site "?"]
[Date "2007.??.??"]
[Round "?"]
[White "Strnad, Jiri"]
[Black "Kratochvil, Vaclav"]
[Result "1/2-1/2"]
[WhiteElo "2258"]
[BlackElo "2216"]
[PlyCount "88"]
[EventDate "2007.??.??"]
[EventType "corr"]
[SourceDate "2007.01.09"]

1. Nf3 Nf6 2. c4 c5 3. Nc3 d5 4. cxd5 Nxd5 5. d4 cxd4 6. Qxd4 Nxc3 7. Qxc3 Nc6
8. e4 e6 9. a3 Bd7 10. Be2 Rc8 11. O-O Na5 12. Qd3 Ba4 13. Qxd8+ Rxd8 14. Be3
Nb3 15. Bd1 a6 16. Bxb3 Bxb3 17. Rac1 Ba4 18. Bb6 Ra8 19. Nd4 e5 20. Nf5 Bc6
21. f3 f6 22. Ne3 Kf7 23. Nc4 Be7 24. Na5 Rac8 25. Rfd1 Ba4 26. Re1 Ke6 27.
Nxb7 Rb8 28. Rc7 Rhc8 29. Rxc8 Rxc8 30. b4 Rc3 31. Ra1 Bc6 32. Nc5+ Bxc5+ 33.
Bxc5 Rd3 34. Kf1 Rd2 35. Be3 Bb5+ 36. Kg1 Rc2 37. Rc1 Ra2 38. Rc3 g6 39. g4 f5
40. exf5+ gxf5 41. gxf5+ Kxf5 42. Bf2 h5 43. h4 Kf4 44. Kg2 Bd7 1/2-1/2

[Event "1CHC_F"]
[Site "?"]
[Date "2007.??.??"]
[Round "?"]
[White "Juhasz, Jozef"]
[Black "Paulik, Vaclav"]
[Result "1/2-1/2"]
[WhiteElo "2216"]
[BlackElo "2160"]
[PlyCount "66"]
[EventDate "2007.??.??"]
[EventType "corr"]
[SourceDate "2007.01.09"]

1. e4 e5 2. Nf3 Nc6 3. Bb5 a6 4. Ba4 Nf6 5. O-O Nxe4 6. d4 b5 7. Bb3 d5 8. Nxe5
Nxe5 9. dxe5 c6 10. Nd2 Nc5 11. Nf3 Bg4 12. c3 Be7 13. Bc2 O-O 14. Be3 Qc7 15.
Bxc5 Bxc5 16. Bxh7+ Kh8 17. Bc2 f5 18. b4 Ba7 19. Re1 Rae8 20. a4 Bb8 21. h3
Bxf3 22. Qxf3 Rxe5 23. Kf1 Qf7 24. axb5 axb5 25. g4 g6 26. Rxe5 Bxe5 27. gxf5
Bg7 28. Kg1 gxf5 29. Kh1 Qf6 30. Rg1 Rf7 31. Qh5+ Kg8 32. Re1 Qxc3 33. Re8+ Bf8
1/2-1/2

[Event "1CHC_F"]
[Site "?"]
[Date "2007.??.??"]
[Round "?"]
[White "Pirhala, Ladislav"]
[Black "Kuchta, Jiri"]
[Result "1-0"]
[WhiteElo "2120"]
[BlackElo "2244"]
[PlyCount "73"]
[EventDate "2007.??.??"]
[EventType "corr"]
[SourceDate "2007.01.09"]

1. e4 e6 2. d4 d5 3. Nc3 Nf6 4. Bg5 dxe4 5. Nxe4 Be7 6. Bxf6 Bxf6 7. Nf3 Nd7 8.
Bd3 O-O 9. c3 b6 10. O-O Bb7 11. Qc2 Be7 12. Rfe1 a5 13. Rad1 a4 14. a3 Ra5 15.
Ned2 Nf6 16. Ne5 Bd6 17. Ndc4 Ra8 18. Re3 Bd5 19. Rh3 h6 20. Qc1 Qe7 21. Re1
Rfd8 22. Ree3 Nh7 23. Nxd6 cxd6 24. Ng4 f5 25. Bxf5 Ng5 26. Rh5 Qf7 27. Nxh6+
gxh6 28. Rxh6 Kf8 29. Rg3 Ne4 30. Bxe4 Bxe4 31. Qg5 Ke8 32. Rf6 Ra5 33. Qf4 Rf5
34. Rxf7 Rxf4 35. Rxf4 Bc2 36. Rg8+ Ke7 37. Rg7+ 1-0

[Event "1CHC_F"]
[Site "?"]
[Date "2007.??.??"]
[Round "?"]
[White "Bednarik, Radovan"]
[Black "Juhasz, Jozef"]
[Result "1/2-1/2"]
[WhiteElo "2126"]
[BlackElo "2216"]
[PlyCount "78"]
[EventDate "2007.??.??"]
[EventType "corr"]
[SourceDate "2007.01.09"]

1. d4 Nf6 2. c4 e6 3. g3 d5 4. Bg2 dxc4 5. Nc3 c5 6. Qa4+ Bd7 7. Qxc4 Bc6 8.
Bxc6+ Nxc6 9. dxc5 Qd4 10. Qxd4 Nxd4 11. Kf1 Bxc5 12. Bg5 Bb4 13. Rc1 Bxc3 14.
Rxc3 Ne4 15. Rd3 Nxg5 16. Rxd4 e5 17. Rb4 O-O-O 18. f4 exf4 19. gxf4 Ne6 20.
Nf3 f5 21. Kf2 b6 22. Rc1+ Kb7 23. Rbc4 Rhe8 24. e3 a5 25. R1c2 g6 26. Ne5 Nc5
27. Rd4 Rc8 28. Kf3 Re7 29. Rg2 Ne4 30. Nc4 Rc6 31. h4 Ka6 32. Nd2 Nc5 33. Nf1
Rce6 34. h5 Ne4 35. Re2 g5 36. Rd5 Rf7 37. Nd2 g4+ 38. Kg2 Rd6 39. Rxd6 Nxd6
1/2-1/2

[Event "1CHC_F"]
[Site "?"]
[Date "2007.??.??"]
[Round "?"]
[White "Kuchta, Jiri"]
[Black "Kohler, Josef"]
[Result "1-0"]
[WhiteElo "2244"]
[BlackElo "2176"]
[PlyCount "95"]
[EventDate "2007.??.??"]
[EventType "corr"]
[SourceDate "2007.01.09"]

1. d4 Nf6 2. Nf3 e6 3. Bg5 c5 4. Nc3 cxd4 5. Qxd4 Nc6 6. Qh4 Bb4 7. e4 h6 8.
Bd2 d5 9. e5 Bxc3 10. Bxc3 g5 11. Qa4 Ne4 12. Qb3 Qb6 13. Qxb6 axb6 14. h3 Nxc3
15. bxc3 Bd7 16. Kd2 h5 17. Be2 Ke7 18. g4 f6 19. exf6+ Kxf6 20. gxh5 Be8 21.
h6 Rxh6 22. c4 dxc4 23. Bxc4 Ra4 24. Bb3 Rf4 25. Rae1 e5 26. Bd5 Bd7 27. c4
Rxh3 28. Rxh3 Bxh3 29. Kc3 Bf5 30. a4 Na5 31. Nxe5 Rxf2 32. Bf3 Rc2+ 33. Kb4
Rb2+ 34. Kc3 Rb3+ 35. Kd4 Ra3 36. Be4 Nb3+ 37. Kd5 Rxa4 38. Bxf5 Ra5+ 39. Kd6
Nd2 40. Bd3 g4 41. Nxg4+ Kg5 42. Ne5 Kf4 43. Ng6+ Kf3 44. Re2 Nb3 45. Ne5+ Kf4
46. Re4+ Kg3 47. Re3+ Kf4 48. Rf3+ 1-0

[Event "1CHC_F"]
[Site "?"]
[Date "2007.??.??"]
[Round "?"]
[White "Splichal, Josef"]
[Black "Tyrlik, Jaroslav"]
[Result "1-0"]
[WhiteElo "2168"]
[BlackElo "2101"]
[PlyCount "63"]
[EventDate "2007.??.??"]
[EventType "corr"]
[SourceDate "2007.01.09"]

1. e4 e6 2. d4 d5 3. Nc3 Nf6 4. e5 Nfd7 5. f4 c5 6. Nf3 Nc6 7. Be3 c4 8. Be2
Ne7 9. Bf2 Rb8 10. O-O Nf5 11. a4 a6 12. Qc1 Bb4 13. Nd1 O-O 14. Ne3 Re8 15. b3
c3 16. Bd3 Nf8 17. g4 Ne7 18. f5 Nc6 19. f6 gxf6 20. Bh4 Be7 21. exf6 Bxf6 22.
g5 Bg7 23. Ng4 Re7 24. Nf6+ Kh8 25. Bg3 Ra8 26. Be5 Ng6 27. Bxg6 fxg6 28. Qf4
b6 29. Rae1 Raa7 30. Re3 Bd7 31. Rxc3 Be8 32. Qh4 1-0

[Event "1CHC_F"]
[Site "?"]
[Date "2007.??.??"]
[Round "?"]
[White "Portych, Vaclav"]
[Black "Kratochvil, Vaclav"]
[Result "1/2-1/2"]
[WhiteElo "2147"]
[BlackElo "2216"]
[PlyCount "55"]
[EventDate "2007.??.??"]
[EventType "corr"]
[SourceDate "2007.01.09"]

1. c4 c5 2. Nc3 Nc6 3. Nf3 Nf6 4. g3 d5 5. cxd5 Nxd5 6. Bg2 g6 7. O-O Bg7 8.
Nxd5 Qxd5 9. d3 Qd6 10. Bf4 e5 11. Be3 O-O 12. Ng5 Nd4 13. Rc1 Qe7 14. Ne4 Bg4
15. Re1 b6 16. h3 Be6 17. Ng5 Bxa2 18. Bxd4 exd4 19. Ra1 Rae8 20. Rxa2 Qxg5 21.
Rxa7 Re7 22. Rxe7 Qxe7 23. Qb3 Qa7 24. Qb5 Rb8 25. Bd5 h6 26. Rc1 Rd8 27. Bf3
Bf8 28. Rc4 1/2-1/2

[Event "1CHC_F"]
[Site "?"]
[Date "2007.??.??"]
[Round "?"]
[White "Strnad, Jiri"]
[Black "Splichal, Josef"]
[Result "1/2-1/2"]
[WhiteElo "2258"]
[BlackElo "2168"]
[PlyCount "56"]
[EventDate "2007.??.??"]
[EventType "corr"]
[SourceDate "2007.01.09"]

1. e4 Nf6 2. e5 Nd5 3. d4 d6 4. Nf3 g6 5. Bc4 Nb6 6. Bb3 Bg7 7. O-O O-O 8. exd6
cxd6 9. Re1 d5 10. Bf4 Nc6 11. c3 Bf5 12. Na3 e6 13. Qd2 Na5 14. Bh6 a6 15. Qf4
Qb8 16. Qe3 Qd8 17. h3 Re8 18. Bxg7 Kxg7 19. g4 Be4 20. Nd2 Qh4 21. f3 Qg3+ 22.
Kf1 Qxh3+ 23. Ke2 Nxb3 24. axb3 f5 25. Qf2 fxg4 26. fxe4 Rf8 27. Qe3 g3 28. Kd3
h5 1/2-1/2

[Event "1CHC_F"]
[Site "?"]
[Date "2007.??.??"]
[Round "?"]
[White "Svrsek, Radomir"]
[Black "Pirhala, Ladislav"]
[Result "1/2-1/2"]
[WhiteElo "2156"]
[BlackElo "2120"]
[PlyCount "65"]
[EventDate "2007.??.??"]
[EventType "corr"]
[SourceDate "2007.01.09"]

1. e4 c5 2. Nf3 d6 3. d4 cxd4 4. Nxd4 Nf6 5. Nc3 a6 6. Be2 e5 7. Nb3 Be7 8. Qd3
O-O 9. O-O Be6 10. Nd5 Bxd5 11. exd5 Nbd7 12. Rd1 b5 13. a4 Qc7 14. Be3 Rfb8
15. Bf3 b4 16. a5 Rb5 17. Rd2 Rc8 18. Qf5 g6 19. Qh3 e4 20. Be2 Rxd5 21. Rxd5
Nxd5 22. Bxa6 Ra8 23. Bf1 Nf8 24. Bd4 Ne6 25. a6 Bg5 26. c4 Nf6 27. Be3 Bxe3
28. Qxe3 Nc5 29. Nxc5 dxc5 30. Qg3 Qb6 31. Qe5 Re8 32. Qg5 Kg7 33. g4 1/2-1/2

[Event "1CHC_F"]
[Site "?"]
[Date "2007.??.??"]
[Round "?"]
[White "Svrsek, Radomir"]
[Black "Dedina, Miroslav"]
[Result "1/2-1/2"]
[WhiteElo "2159"]
[BlackElo "2165"]
[PlyCount "42"]
[EventDate "2007.??.??"]
[EventType "corr"]
[SourceDate "2007.01.09"]

1. e4 c5 2. Nf3 e6 3. Nc3 Nc6 4. d4 cxd4 5. Nxd4 d6 6. Be3 Nf6 7. Be2 Be7 8.
O-O O-O 9. f4 Bd7 10. Qd2 a6 11. Nb3 b5 12. a3 Qc7 13. Qe1 b4 14. axb4 Nxb4 15.
Qd2 a5 16. Bf3 e5 17. Nc1 d5 18. fxe5 Nxe4 19. Nxe4 Nxc2 20. Nd6 Nxa1 21. Bxd5
Nc2 1/2-1/2

[Event "1CHC_F"]
[Site "?"]
[Date "2007.??.??"]
[Round "?"]
[White "Kuchta, Jiri"]
[Black "Juhasz, Jozef"]
[Result "0-1"]
[WhiteElo "2244"]
[BlackElo "2216"]
[PlyCount "124"]
[EventDate "2007.??.??"]
[EventType "corr"]
[SourceDate "2007.01.09"]

1. d4 Nf6 2. Nf3 d5 3. c4 e6 4. e3 Be7 5. cxd5 exd5 6. Bd3 O-O 7. O-O Bg4 8.
Nbd2 Nc6 9. a3 a5 10. Qc2 Bd6 11. b3 Qe7 12. h3 Bxf3 13. Nxf3 Ne4 14. Bb2 f5
15. Rfd1 Rf6 16. Qe2 g5 17. Bxe4 fxe4 18. Ne5 Raf8 19. Ng4 Re6 20. Rd2 h5 21.
Ne5 g4 22. hxg4 Nxe5 23. dxe5 Rxe5 24. Rad1 c6 25. Bxe5 Qxe5 26. f4 exf3 27.
gxf3 Bc5 28. Kh1 hxg4 29. Qh2 g3 30. Qh3 Kf7 31. Qh7+ Ke8 32. Qg6+ Kd7 33. Kg2
Qxe3 34. Qe4 Qc3 35. Rd3 Qb2+ 36. R1d2 Qc1 37. Rd1 Qxa3 38. Qg4+ Kc7 39. Qxg3+
Bd6 40. Qg7+ Kb8 41. Qa1 Qc5 42. Qd4 Rg8+ 43. Kf1 Qb5 44. Rc1 Ka8 45. Rc2 Rg5
46. Rg2 Be5 47. Qe3 Bf4 48. Qd4 c5 49. Qc3 Rh5 50. Rg4 Rh1+ 51. Rg1 Rh3 52. Kf2
Rh2+ 53. Rg2 Rh1 54. Rg8+ Ka7 55. Rg1 d4 56. Qe1 Bg3+ 57. Kxg3 Rxg1+ 58. Qxg1
Qxd3 59. Qe1 b6 60. Qe6 Ka6 61. Qc8+ Kb5 62. Qe6 Qc2 0-1

[Event "1CHC_F"]
[Site "?"]
[Date "2007.??.??"]
[Round "?"]
[White "Svrsek, Radomir"]
[Black "Juhasz, Jozef"]
[Result "1-0"]
[WhiteElo "2159"]
[BlackElo "2216"]
[PlyCount "99"]
[EventDate "2007.??.??"]
[EventType "corr"]
[SourceDate "2007.01.09"]

1. e4 e5 2. Nf3 Nc6 3. Bb5 a6 4. Ba4 Nf6 5. O-O Be7 6. Re1 b5 7. Bb3 d6 8. c3
O-O 9. d4 Bg4 10. Be3 exd4 11. cxd4 d5 12. e5 Ne4 13. Nc3 Nxc3 14. bxc3 Qd7 15.
Bc2 f5 16. Bc1 b4 17. Bd2 Qe6 18. a3 bxa3 19. h3 Bh5 20. Bc1 Na7 21. Bxa3 Bxa3
22. Rxa3 Nb5 23. Rb3 c6 24. Qd3 Bxf3 25. Qxf3 c5 26. dxc5 Rac8 27. Qe3 f4 28.
Qd3 g6 29. Bd1 Rxc5 30. Bg4 Qe7 31. Bf3 Rd8 32. Qd2 Kg7 33. Rb4 g5 34. e6 Qf6
35. Rb3 Re8 36. Bxd5 Rxc3 37. Rb4 Re7 38. Rbe4 Rc8 39. Re5 h6 40. Qb4 Rce8 41.
Bc4 Nc7 42. Qc5 Kg6 43. Bb3 Nb5 44. Kh2 Kg7 45. Rd1 g4 46. hxg4 Qh4+ 47. Kg1
Rc7 48. Rd7+ Re7 49. g5 Rxc5 50. Rxc5 1-0